000 01633cam a2200409 a 4500
999 _c3935
_d3935
001 ocn641956412
003 OCoLC
005 20200918134313.0
008 101001s2010 fr bvw 000 0 fre d
010 _a 2010512886
020 _a9782296121584
_q(pbk.)
020 _a2296121586
_q(pbk.)
035 _a(OCoLC)641956412
040 _aAUXAM
_beng
_cTZ-ArACH
042 _alccopycat
043 _afw-----
049 _aTZAA
050 0 0 _aKQC500
_b.C68
100 _aPaul Gérard Pougoue, Sylvain Sorel Kuate Tameghe.
_esous la direction de
110 2 _aCour commune de justice et d'arbitrage (Organisation pour l'harmonisation en Afrique du droit des affaires)
245 1 4 _aGrandes décisions de la cour commune de justice et d'arbitrage de l'OHADA /
_csous la direction de Paul Gérard Pougoue, Sylvain Sorel Kuate Tameghe.
260 _aParis :
_bHarmattan,
_c2010.
300 _a692 pages ;
_c24 cm.
490 1 _aEtudes africaines
504 _aIncludes bibliographical references.
610 1 7 _aOrganisation pour l'Harmonisation en Afrique du Droit des Affaires.
_2idszbz
650 0 _aArbitration and award
_zAfrica, French-speaking West
_vCases.
650 0 _aArbitration and award
_zAfrica, French-speaking Equatorial
_vCases.
650 7 _aArbitration and award.
_2fast
_95082
651 7 _aAfrica, French-speaking Equatorial.
_2fast
651 7 _aAfrica, French-speaking Western.
_2fast
655 7 _aTrials, litigation, etc.
_2fast
700 1 _aPougoué, Paul-Gérard.
_913969
700 1 _aKuaté Tameghé, Sylvain Sorel.
830 0 _aÉtudes africaines (Harmattan (Firm))
942 _2lcc
_cBOOK